Escritores iberoamericanos de 1900

Furkejuvvon:
Bibliográfalaš dieđut
Váldodahkki: Ugarte, Manuel (Dahkki)
Materiálatiipa: Girji
Giella:espánnjágiella
Almmustuhtton: Santiago Orbe 1943
Preanttus:1a. ed
Fáttát:
Fáddágilkorat: Lasit fáddágilkoriid
Eai fáddágilkorat, Lasit vuosttaš fáddágilkora!

MARC

LEADER 00000cam a2200000 a 4500
001 UCZ7793
003 CL-VaPUC
005 20230612101214.0
008 960112e19430000CL |||||||||||||||||spa|d
999 |c 243793  |d 243791 
040 |c Pontificia Universidad Católica de Valparaíso 
082 0 4 |a H861.09  |b UGA  |2 21 
100 0 |a Ugarte, Manuel  |e author  |9 352769 
245 1 0 |a Escritores iberoamericanos de 1900 
250 |a 1a. ed 
260 |a Santiago  |b Orbe  |c 1943 
300 |a 271 p 
583 |a last modification  |c 20170921 03:59:41  |k Rodrigo Vera 
600 0 7 |a AGUSTINI, DELMIRA  |2 CL-VaPUC  |9 352770 
600 0 7 |a CONTRERAS, FRANCISCO  |2 CL-VaPUC  |9 352771 
600 0 7 |a CHOCANO, JOSE SANTOS  |2 CL-VaPUC  |9 352772 
600 0 7 |a DARIO, RUBEN  |2 CL-VaPUC  |9 268402 
600 0 7 |a Nervo, Amado,  |d 1870-1919  |9 515665 
600 0 7 |a GOMEZ CARRILLO, ENRIQUE  |2 CL-VaPUC  |9 352773 
600 0 |a Lugones, Leopoldo,  |d 1874-1938  |9 313722 
650 7 |a POESIA HISPANOAMERICANA SIGLO 19  |2 CL-VaPUC  |9 352774 
650 0 |a Poesía chilena   |9 268403 
650 7 |a POESIA URUGUAYA  |2 CL-VaPUC  |9 352775 
650 0 |a Poesía peruana   |9 265071 
650 7 |a POESIA NICARAGUENSE  |2 CL-VaPUC  |9 265087 
650 0 |a Poesía mexicana   |9 268431 
650 7 |a POESIA GUATEMALTECA  |2 CL-VaPUC  |9 309998 
650 7 |a POESIA ARGENTINA  |2 CL-VaPUC  |9 268280 
650 0 |a Crítica e interpretación   |9 255042 
942 |c BK  |2 ddc 
945 |d 19960112 00:00:00  |a rleighto 
952 |0 0  |1 0  |4 0  |6 H_861_090000000000000_UGA_1943  |7 0  |8 X  |9 257593  |a BIBEDU  |b BIBEDU  |d 2019-11-19  |i 3166457  |l 1  |o H861.09 UGA 1943  |p 3166457  |r 2023-05-17  |s 2023-05-17  |w 2019-11-19  |y BK_X  |k LIT 
952 |0 0  |1 0  |3 erb  |4 0  |6 H_861_090000000000000_UGA_1943  |7 0  |8 X  |9 257594  |a FDOBUD  |b FDOBUD  |i 542576K  |o H861.09 UGA 1943  |p 542576K  |r 2019-11-19  |w 2019-11-19  |y BK_X  |z Catalogado en:20170922  |k BUD